Actors who worked with the Coen Brothers - Statistics

General Stats
  • This quiz has been taken 94 times
    91 since last reset
  • The average score is 33 of 105
Answer Stats
Films Answer % Correct
The Big Lebowski, True Grit Jeff Bridges
97%
The Big Lebowski, Inside Llewyn Davis, O Brother, Where Art Thou?, Raising Arizona, Barton Fink John Goodman
94%
The Big Lebowski, Fargo, Barton Fink, Miller's Crossing Steve Buscemi
94%
Burn After Reading, Hail, Caesar!, Fargo, The Tragedy of Macbeth, Raising Arizona, Blood Simple, The Man Who Wasn't There Frances McDormand
91%
Burn After Reading, Hail, Caesar!, O Brother, Where Art Thou?, Intolerable Cruelty George Clooney
91%
No Country for Old Men Javier Bardem
86%
No Country for Old Men, True Grit, Hail, Caesar! Josh Brolin
79%
No Country for Old Men Tommy Lee Jones
79%
The Ladykillers Tzi Ma
79%
Burn After Reading Brad Pitt
77%
Intolerable Cruelty Catherine Zeta-Jones
77%
The Big Lebowski, O Brother, Where Art Thou?, Barton Fink, Miller's Crossing John Turturro
73%
Raising Arizona Nicolas Cage
71%
The Big Lebowski Julianne Moore
65%
True Grit Matt Damon
65%
No Country for Old Men Caleb Landry Jones
64%
True Grit Hailee Steinfeld
64%
Hail, Caesar!, The Man Who Wasn't There Scarlett Johansson
61%
The Ladykillers Tom Hanks
61%
Fargo William H. Macy
61%
Inside Llewyn Davis Oscar Isaac
59%
The Ballad of Buster Scruggs, O Brother, Where Art Thou? Tim Blake Nelson
59%
The Big Lebowski Philip Seymour Hoffman
58%
The Tragedy of Macbeth Denzel Washington
56%
No Country for Old Men Woody Harrelson
53%
Burn After Reading, Hail, Caesar! Tilda Swinton
52%
The Man Who Wasn't There, Intolerable Cruelty Billy Bob Thornton
50%
The Ballad of Buster Scruggs James Franco
48%
O Brother, Where Art Thou?, Raising Arizona Holly Hunter
47%
Burn After Reading, The Ladykillers J. K. Simmons
47%
Burn After Reading John Malkovich
45%
Hail, Caesar! Jonah Hill
44%
The Ballad of Buster Scruggs Liam Neeson
42%
The Tragedy of Macbeth Kathryn Hunter
41%
The Big Lebowski, Fargo Peter Stormare
41%
Hail, Caesar! Channing Tatum
38%
Miller's Crossing Gabriel Byrne
38%
The Hudsucker Proxy Tim Robbins
38%
A Serious Man Michael Stuhlbarg
35%
Hail, Caesar! Ralph Fiennes
35%
Inside Llewyn Davis Carey Mulligan
33%
Burn After Reading, The Man Who Wasn't There, Intolerable Cruelty Richard Jenkins
32%
Inside Llewyn Davis Justin Timberlake
30%
The Big Lebowski Tara Reid
30%
Inside Llewyn Davis Adam Driver
29%
No Country for Old Men Kelly Macdonald
29%
The Hudsucker Proxy Paul Newman
29%
The Ballad of Buster Scruggs, The Tragedy of Macbeth Brendan Gleeson
27%
True Grit Domhnall Gleeson
26%
The Big Lebowski Flea
26%
The Man Who Wasn't There James Gandolfini
26%
The Hudsucker Proxy Jennifer Jason Leigh
26%
The Big Lebowski David Thewlis
23%
Fargo John Carroll Lynch
23%
Miller's Crossing Albert Finney
21%
Inside Llewyn Davis F. Murray Abraham
21%
The Big Lebowski Sam Elliott
21%
Hail, Caesar! Alden Ehrenreich
18%
The Ladykillers Marlon Wayans
18%
Miller's Crossing, The Man Who Wasn't There Jon Polito
17%
Fargo, A Serious Man Stephen Park
17%
The Ballad of Buster Scruggs Tom Waits
17%
Miller's Crossing Marcia Gay Harden
15%
A Serious Man Richard Kind
15%
True Grit Barry Pepper
14%
The Hudsucker Proxy Bruce Campbell
14%
Blood Simple Dan Hedaya
14%
A Serious Man Fred Melamed
14%
Intolerable Cruelty Geoffrey Rush
14%
The Ladykillers Irma P. Hall
14%
Burn After Reading, True Grit Elizabeth Marvel
12%
Inside Llewyn Davis Garrett Hedlund
12%
Raising Arizona Trey Wilson
12%
The Ballad of Buster Scruggs Zoe Kazan
12%
O Brother, Where Art Thou?, The Hudsucker Proxy Charles Durning
11%
The Big Lebowski David Huddleston
11%
The Ballad of Buster Scruggs | The Tragedy of Macbeth Harry Melling
11%
Burn After Reading David Rasche
9%
Blood Simple John Getz
9%
Barton Fink Judy Davis
9%
O Brother, Where Art Thou?, The Man Who Wasn't There Michael Badalucco
9%
Raising Arizona Randall "Tex" Cobb
9%
Raising Arizona Sam McMurray
9%
Barton Fink Michael Lerner
8%
A Serious Man Simon Helberg
8%
Raising Arizona William Forsythe
8%
The Tragedy of Macbeth Corey Hawkins
6%
The Ballad of Buster Scruggs, Hail, Caesar! David Krumholtz
6%
No Country for Old Men Garret Dillahunt
6%
Inside Llewyn Davis Max Casella
6%
A Serious Man Sari Lennick
6%
The Ballad of Buster Scruggs Tyne Daly
6%
Hail, Caesar! Alison Pill
5%
The Hudsucker Proxy Bill Cobbs
5%
Inside Llewyn Davis Jake Ryan
5%
Miller's Crossing Mike Starr
5%
The Tragedy of Macbeth Alex Hassell
3%
Intolerable Cruelty Edward Herrmann
3%
Hail, Caesar! Fisher Stevens
3%
The Hudsucker Proxy John Mahoney
3%
Burn After Reading Kevin Sussman
3%
Hail, Caesar! Max Baker
3%
Inside Llewyn Davis Robin Bartlett
3%
The Ladykillers Aldis Hodge
2%
No matching quizzes found
Score Distribution
Percent of People with Each Score
Percentile by Number Answered
Your Score History
You have not taken this quiz since the last reset